00365nam a2200133Ia 4500003000400000008004100004040001600045082001500061100001700076245004900093260005500142650001100197650002300208GCL140319s9999 xx 000 0 eng d aGCL / cGCL04a399.5bA W1 aANORE, MARYL10aWHALES MONSTERS OF THE DEEP / cANORE, MARYL a[S.N] : bCHICAGS NATURAL HISTORY MUSEUM ، c196104aWHALES04aZOOLOGY - SCIENCES